[Event "Tan Chin Nam Cup 2nd"]
[Site "Beijing"]
[Date "1996.??.??"]
[Round "9"]
[White "Stohl, Igor"]
[Black "Xu, Jun"]
[Result "1/2-1/2"]
[WhiteElo "2560"]
[BlackElo "2505"]
[Annotator "Ribli,Z"]
[PlyCount "105"]
[EventDate "1996.08.??"]
[EventType "tourn"]
[EventRounds "9"]
[EventCountry "CHN"]
[EventCategory "10"]
[SourceTitle "CBM 055"]
[Source "ChessBase"]
[SourceDate "1996.12.01"]
[SourceVersion "1"]
[SourceVersionDate "1996.12.01"]
[SourceQuality "1"]

1. Nf3 c5 2. c4 Nc6 3. d4 {Ribli.Mit dieser Zugfolge vermeidet Weiss die
Variante 3.Nc3 Nd4.} cxd4 4. Nxd4 Nf6 5. Nc3 e6 6. Ndb5 d5 7. Bf4 {Ribli. Wenn
Weiss kein Risiko eingehen will, ist diese Variante meiner Meinung nach sehr
gut. Obgleich Weiss nicht so gute Chancen hat, klaren Vorteil zu erreichen,
ist sein Vorteil im allgemeinen zwar ziemlich gering, aber er kann kaum
verlieren.} e5 8. cxd5 exf4 9. dxc6 bxc6 10. Qxd8+ Kxd8 11. Rd1+ (11. O-O-O+) (
11. Nd4 Bb7 $5 {Ribli.Das ist eine neue, von De Firmian eingefuehrte
Fortsetzung, das letzte Wort in dieser Variante.}) 11... Bd7 12. Nd6 Bxd6 (
12... Rb8) (12... Kc7) 13. Rxd6 Rb8 14. Rd2 Re8 15. g3 f3 (15... Kc7 $5 16. Bg2
Bf5 $1 (16... Rb4 $2 17. O-O fxg3 18. hxg3 h5 19. Rc1 $1 h4 20. a3 Rc4 21. b3
Rg4 22. Nb5+ $16 {Engquist,T-De Firmian,N/Gausdal/1995/EXP46/INF63,(38)/}) 17.
O-O fxg3 18. hxg3 Ne4 19. Nxe4 Bxe4 20. Bxe4 Rxe4 $10 {Akesson,R-Ernst,T/
SVE-ch/1988/}) 16. Kd1 (16. e3 Kc7 17. Bd3 Bh3 $15) 16... fxe2+ 17. Bxe2 Kc7
18. Bc4 (18. Kc1) 18... Re7 (18... Be6) (18... Bg4+) 19. Kc1 {Ribli.Wir haben
ein Endspiel auf dem Brett, aber das ist noch Theorie. Meiner Meinung nach hat
Weiss dank seiner besseren Bauernstruktur minimalen Vorteil, und normaleweise
kann er nie verlieren, aber seine Gewinnchancen sind hoch.} Bf5 (19... Rbe8 20.
b3 Be6 21. Bxe6 Rxe6 $10 {XU Jun-De Firmian,N/Thessaloniki ol/1984/INF38,54/})
20. b3 Rbe8 21. Kb2 Ne4 22. Nxe4 (22. Rd4 Nxf2 $2 (22... Nd6 23. Bd3 $10) 23.
Rf1) 22... Bxe4 23. Rc1 f5 24. Rc3 Bh1 (24... Rd7 $10) (24... Rd8 $10) 25. Rcd3
g5 (25... Be4 26. Re3) 26. Rd4 Be4 27. Kc3 f4 (27... Kb6 $10) 28. gxf4 gxf4 29.
Bd3 $14 {Ribli. In diesem Manoeverkampf hat Weiss einen kleinen Vorteil. Nach
dem Laeufertausch werden die schwarzen Bauernschwaechen schon bemerkbar.} Bxd3
30. R4xd3 Kb6 31. Rf3 Re4 32. Rd7 h5 33. Rd4 (33. Rf7 $5 Re2 34. a4 {Ribli.Das
scheint mir besser.}) 33... Rxd4 34. Kxd4 c5+ 35. Kd3 Rd8+ 36. Kc3 $6 {Ribli.
Nach dem Textzug ist der weisse Koenig von dem schwaechsten schwarzen Bauern
abgeschnitten.} (36. Ke4 Rd2 37. Kxf4 (37. a4 Rd4+ 38. Ke5 Rb4 $10) 37... Rxa2
38. Kg5 $5) 36... Rd4 37. Rh3 (37. Rd3 Re4) 37... Re4 38. Kd3 Rd4+ 39. Kc3 Re4
40. Kd3 Rd4+ 41. Ke2 {Ribli.Endlich findet Weiss den richtigen Plan, aber es
ist schon zu spaet.} c4 42. bxc4 Rxc4 43. Rxh5 Rc2+ 44. Kf3 Rxa2 45. Rf5 a5 46.
Rxf4 (46. h4 $5) 46... Ra1 47. h4 Kb5 48. h5 Rh1 49. Rf5+ Kb6 (49... Kb4 50.
Kg2 Rh4 51. Kg3 Rh1 52. Rf4+ Kb3 53. Rh4 Rxh4 $2 54. Kxh4 a4 55. h6 a3 56. h7
a2 57. h8=Q $18) 50. Kg2 Rh4 51. Kg3 (51. Rf6+ Kb5 52. h6 a4 53. Kg3 Rh1 (53...
a3 $5 54. Kxh4 a2 55. Rf5+ (55. h7 a1=Q 56. h8=Q Qh1+ 57. Kg3 Qxh8 {Ribli.
Theoretisch ist dieses Endspiel Remis, aber da Weiss dier ganze Partie ueber
ein wenig besser stand, kann er damit nicht zufrieden sein.}) 55... Kb6 (55...
Kb4 56. Rf4+ Kb3 57. Rf3+ Kb2 $2 58. h7 $18))) 51... Rh1 52. Kg2 Rh4 53. Kg3 {
Ribli} 1/2-1/2

[Event "RUS-ch U20"]
[Site "Ekaterinburg"]
[Date "1996.??.??"]
[Round "8"]
[White "Dyachkov, Sergej"]
[Black "Shariyazdanov, Andrey"]
[Result "1/2-1/2"]
[WhiteElo "2505"]
[BlackElo "2480"]
[Annotator "Ribli,Z"]
[PlyCount "51"]
[EventDate "1996.??.??"]
[EventType "tourn"]
[EventRounds "11"]
[EventCountry "RUS"]
[EventCategory "8"]
[SourceTitle "CBM 054"]
[Source "ChessBase"]
[SourceDate "1996.10.01"]
[SourceVersion "1"]
[SourceVersionDate "1996.10.01"]
[SourceQuality "1"]

1. c4 c5 2. Nf3 Nc6 3. Nc3 Nf6 4. d4 cxd4 5. Nxd4 e6 6. Ndb5 d5 7. Bf4 e5 8.
cxd5 exf4 9. dxc6 {[#]} bxc6 (9... Qb6 $5 10. Nd6+ Bxd6 11. Qxd6 bxc6 12. Rd1
Be6 13. g3 fxg3 14. hxg3 Rd8 $10 {Tratar,M-Rotstein,A/Bled op-B/1996/EXP33/})
10. Qxd8+ Kxd8 11. Nd4 {Weiss hat nur zwei "Bauerninseln", während Schwarz
vier hat, aber Schwarz hat dafür das Läuferpaar Die Chancen sind gleich.} Bd7
12. g3 fxg3 13. hxg3 Bb4 14. Bh3 $146 (14. Bg2 Bxc3+ 15. bxc3 Kc7 16. O-O Rab8
17. Rab1 $5 (17. Nb3 Rhe8 $6 (17... h5 $5 $13) 18. Rfe1 Rb5 19. e4 $14 {
Timman,J-Gligoric,S/Beograd tt/1984/INF37,44/}) 17... Rb6 18. Rb4 $1 Rc8 $5 19.
Rc4 Ne8 20. Rd1 Nd6 21. Ra4 a6 22. Nb3 Nb7 $10 {Oll,L-Emms,J/Copenhagen op/
1993/}) (14. Rc1) 14... Bxc3+ 15. bxc3 Bxh3 16. Rxh3 Kc7 17. Rh4 h5 18. Rf4
Rab8 19. O-O-O Rhe8 (19... Rhd8 20. Rf5 Rd5 $10) 20. Rf5 Rb6 21. Ra5 {Weiss
hat einen aktiven Turm, aber sein Vorteil ist weniger als mikroskopisch.} a6
22. Rd3 Rd8 23. Rg5 g6 24. Re5 Rd7 25. f3 Rd5 26. Re7+ {Ribli} 1/2-1/2

[Event "Rishon Le Ziyyon"]
[Site "Rishon Le Ziyyon"]
[Date "1996.??.??"]
[Round "7"]
[White "Greenfeld, Alon"]
[Black "Liss, Eran"]
[Result "1-0"]
[WhiteElo "2560"]
[BlackElo "2480"]
[Annotator "Ribli,Z"]
[PlyCount "69"]
[EventDate "1996.02.??"]
[EventType "tourn"]
[EventRounds "9"]
[EventCountry "ISR"]
[EventCategory "13"]
[SourceTitle "CBM 053"]
[Source "ChessBase"]
[SourceDate "1996.08.01"]
[SourceVersion "1"]
[SourceVersionDate "1996.08.01"]
[SourceQuality "1"]

1. Nf3 Nf6 2. c4 c5 3. d4 cxd4 4. Nxd4 Nc6 5. Nc3 e6 6. g3 Qb6 7. Ndb5 Ne5 8.
Bf4 $5 {Koertschnoj's Idee} Nfg4 9. e3 Qc6 $2 {Ich verstehe nicht, warum
Schwarz diesen Fehler wiederholt. Moeglicherweise wusste er nicht, dass dieser
Zug schon gespielt wurde.} (9... a6 $5 10. Nc7+ Qxc7 11. Qxg4 d6 12. Qe2 $10 {
Anand,V-Leko,P/Wijk/1996/CBM51/INF65,38/}) 10. h3 Nf3+ 11. Ke2 Nge5 12. b3 g5
13. Bg2 $1 gxf4 14. exf4 a6 15. fxe5 axb5 16. Bxf3 Qc5 17. Nxb5 Qxe5+ 18. Kf1
Bg7 19. a4 $1 $146 {[#] Man findet dieser Zug als Empfehlung im CBM51/} (19.
Kg2 Qxa1 20. Nc7+ Kd8 21. Qxa1 Bxa1 22. Nxa8 Bd4 23. b4 b6 24. Rd1 e5 25. a4
Rg8 26. c5 bxc5 27. b5 $16 {Kortschnoj,V-Greenfeld,A/Beersheba m/1995/CBM51/
INF65,(38)/ Spaeter hat Weiss nach einigem grossen und kleinen Fehler gewonnen.
}) 19... d5 (19... Qxa1 20. Qxa1 Bxa1 21. Nc7+ Kd8 22. Nxa8 Bd4 23. Ke2 $18 {
CBM51}) 20. Rc1 {Ich siehe keine Kompensatien fuer den geopferten -verlorenen-
Bauern.} Bd7 (20... d4 21. c5 $16) 21. cxd5 Bxb5+ 22. axb5 O-O {Schwarz hofft
auf die ungleichfarbigen Laeufer, aber dieser Remisfaktor greift nur im
Endspiel - und auf dem Brett ist eindeutig eine Mittelspielstellung.} 23. Kg2
exd5 (23... Rfd8 24. Re1 Qf6 25. Rc7 exd5 26. Ree7 $18) 24. Re1 Qf6 (24... Qd4
25. Bxd5 Ra2 26. Qf3 $18) 25. Qxd5 Qb2 26. Rcd1 Rae8 (26... Ra2 27. Re2 $18)
27. Rxe8 Rxe8 28. Qd7 Rf8 29. Bxb7 Qxb3 30. Bd5 Qc2 31. Rd3 Kh8 32. Rf3 f5 33.
b6 Qb2 34. b7 Qe5 35. Re3 {Die heutige Zeit ist sehr-sehr wichtig die Theorie
gut kennenzulernen, sonst kann man fast ohne Spiel verlieren. Ribli} 1-0

[Event "Leon"]
[Site "Leon"]
[Date "1996.??.??"]
[Round "1"]
[White "Illescas Cordoba, Miguel"]
[Black "Leko, Peter"]
[Result "0-1"]
[WhiteElo "2635"]
[BlackElo "2625"]
[Annotator "Ribli,Z"]
[PlyCount "74"]
[EventDate "1996.06.??"]
[EventType "tourn"]
[EventRounds "6"]
[EventCountry "ESP"]
[EventCategory "17"]
[SourceTitle "CBM 054"]
[Source "ChessBase"]
[SourceDate "1996.10.01"]
[SourceVersion "1"]
[SourceVersionDate "1996.10.01"]
[SourceQuality "1"]

1. c4 {Romero} c5 2. Nf3 Nf6 3. Nc3 Nc6 4. d4 cxd4 5. Nxd4 e6 6. g3 Qb6 7. Nb3
Ne5 8. e4 Bb4 9. Qe2 d6 (9... O-O {Romero} 10. f4 Nc6 11. e5) 10. f4 Nc6 11.
Be3 Bxc3+ 12. bxc3 Qc7 13. Bg2 O-O (13... e5 {Romero} 14. c5 Bg4 15. cxd6 Qxd6
16. Qd2 $14) 14. O-O (14. c5 d5 (14... dxc5 $5 15. Bxc5 Rd8 16. e5 Na5 $10) 15.
e5 Nd7 16. c4 d4 17. Nxd4 Nxd4 18. Bxd4 Nxc5 19. O-O Rb8 (19... Bd7) 20. g4 b6
21. f5 Kh8 22. Rf3 Bb7 23. Rh3 Bxg2 (23... Rbd8 $5 24. Rd1 Bxg2 25. Qxg2 Qxe5
$1 26. Bxe5 Rxd1+) 24. Qxg2 Qd7 25. Rd1 {Und Remis in einer für die Theorie
unbekannten Partie: Schroll-Horvath,J/Wien/1995/}) 14... b6 {Romero: This
position have been prepared quite well by Peter Leko, together with his
analyst Zoltan Ribli, who has a lot of experience in this variation. Illescas,
who also has played it with white some times ago, knew, that Leko have had bad
results with this line before this game.  Das ist noch eine theoretische
Variante. Meiner Meinung nach hat Schwarz mindestens gleiche Chancen, und es
liegt an Weiß, etwas besonders zu zeigen, sonst werden sich seine
Bauernschwächen im Endspiel bemarkbar machen.} 15. g4 {The only possible plan
in this position. White has some attacking chances due to the lack of
defenders in black position and the lack of control in the black squares. Is
clear that white hopes are not in the queen side.} (15. Nd4) 15... Bb7 $5 {
Improving the game Illescas-Gelfand,Dos Hermanas 94.} (15... Ba6 16. g5 Nd7 17.
Rf3 Rfe8 18. Rh3 Nf8 19. Qh5 Bxc4 20. f5 $40 {Illescas Cordoba,M-Gelfand,B/Dos
Hermanas/1994/CBM41/INF60,42/} (20. f5 {Romero} Ne5 {(Illescas-Gelfand)} 21. f6
$1)) 16. g5 Nd7 17. Rf3 Rac8 18. Rh3 Rfe8 $1 19. Qh5 (19. Rf1 Nf8) 19... Nf8
20. Rf1 (20. f5 {Romero} exf5 21. exf5 Ne5 {Romero: Black has advantage in
this variation because the king column is opened in his favour and black will
exchange the white square bishops.}) 20... Ne7 {Romero: a good defensive move}
21. Nd2 Ba6 $1 {Romero: When the advance of the f pawn is paralized this move
is possible.} 22. Bd4 (22. f5 Bxc4 {Hjartarson,J-Arnason,J/Reykjavik/1995/
CBM49/INF64,42/} 23. Nxc4 (23. Rf2 exf5 24. exf5 (24. Bd4 {Romero} f4 $1 25.
Rxf4 Neg6 26. Rf2 Be6 $17) 24... Nxf5 25. Rxf5 g6 26. Qh6 gxf5 27. Bd4 Re5 $17)
23... Qxc4 24. f6 Neg6 25. fxg7 Kxg7 26. Rhf3 Rc7 $15) 22... Bxc4 23. Rf2 e5 $1
{Romero: Probably leko refused to go for complications after 23...Ba2 because
of the counterblow 24.Bg7!?.} (23... Bxa2 $5 {Romero} 24. Bxg7 $5 (24. Nf1 e5
$5) (24. f5 e5 $1) 24... Kxg7 25. Nf1 Qc5 (25... Bc4 26. Qh6+ Kg8 27. Ne3 Neg6
28. f5 exf5 29. exf5 Rxe3 30. Rxe3 Ne5 31. f6 Ne6 32. Be4 $18) 26. Ne3 (26.
Qh6+ $5 Kh8 27. Qf6+ Kg8 28. Ng3 Qxc3 29. Nh5 Qxf6 30. Nxf6+ Kg7 31. Nxe8+ Rxe8
32. Rxa2 Nfg6 33. Rf3 Nc6 $15) 26... Neg6 27. Qh6+ Kg8 (27... Kh8) 28. Ng4 f5
29. Nf6+ Kf7 30. Qxh7+ Nxh7 31. Rxh7+ Kf8 32. Nd7+ Kg8 33. Nf6+ $10) 24. fxe5
dxe5 25. Nxc4 (25. Bxe5 Qxe5 26. Nxc4 Qe6 $17 {Leko}) 25... exd4 $1 (25... Neg6
$5 {Romero} 26. Ne3 exd4) 26. Qxf7+ Kh8 {Romero: Still, Black has a solid
position after all.} 27. Bf1 dxc3 28. e5 $1 {Romero: With this strong move
white goes for an endgame with some drawing chances. The threat is Nd6 so the
c pawn falls. Die einzige Gegenchance.} Neg6 29. Qxc7 Rxc7 30. Rxc3 b5 $1 {
Der e5-Bauer ist "vergiftet"} (30... Nxe5 31. Re3) (30... Rxe5 31. Nxe5 Rxc3
32. Bc4) 31. Nd6 Rxc3 32. Nxe8 Ne6 {Schwarz hat eine bessere Stelllung, aber
für den Gewinn muß er noch sehr gut spielen.} 33. Rf7 (33. Nd6 a6 $1 (33... a6
{Romero} 34. Rf7 Nxg5 35. Ra7 h6 36. Rxa6 Rc2 37. Nf7+ $5 Nxf7 38. Rxg6 Nxe5
39. Rg2 (39. Rg3) 39... Nf3+ 40. Kh1 Rc1 41. Rf2 $17)) (33. Bxb5 {Romero} Nxg5
$1) 33... Nxg5 34. Rxa7 Rc2 35. Bxb5 Nxe5 36. Kf1 (36. Nd6 {Romero} Ngf3+ 37.
Kf1 Nxh2+ 38. Ke1 Nhf3+ 39. Kd1 Rd2+ 40. Kc1 g5 41. Nf7+ Nxf7 42. Rxf7 Rd5 $1
$17) 36... Ng4 37. Ke1 $4 {Romero: An incredible mistake that decides the
fight.} (37. Be2 Nxh2+ 38. Ke1 (38. Kf2 Nhf3 39. Rxg7 (39. Nd6 g6 $17 {Romero:
White has very good practical possibilities for draw.}) 39... Nd4 40. Rxg5
Rxe2+ 41. Kf1 Rxe8 {Leko}) 38... Nhf3+ 39. Bxf3 Nxf3+ 40. Kd1 Rg2 41. Rf7 Rg1+
42. Kc2 (42. Ke2 Re1+) 42... Nd4+ 43. Kc3 Ne6 $17) 37... Nf3+ {Ribli} 0-1